| 000 | 01638nam a2200325Ia 4500 | ||
|---|---|---|---|
| 999 |
_c34717 _d34717 |
||
| 001 | 504 | ||
| 003 | GE_BSU | ||
| 005 | 20200123123012.0 | ||
| 008 | 181216s2008||||ge |||||||||||||| ||geo|| | ||
| 020 | _a9789994097579 | ||
| 040 | _cGE_BSU | ||
| 041 | _ageo | ||
| 080 | _a616(075.8)+616.3(075.8)+613.62(075.8)615.874(075.8) შ-66 | ||
| 245 |
_aშინაგანი სნეულებანი 2 ტომად კომპაქტ-დისკებით : _b ტ.1 / _cმთ. რედ.: ნოდარ ემუხვარი და დინარა კასრაძე. |
||
| 250 | _aI-ლი გამოც. | ||
| 264 |
_aთბილისი : _bმთაწმინდელი, _c2008. |
||
| 300 |
_a683 გვ.: _b სურ. + 1 CD. _c21 სმ. |
||
| 490 |
_aსასწავლო ლიტერატურა, _xISSN 1512-3103 |
||
| 504 | _aბიბლიოგრ.: გვ. 676-678. | ||
| 520 | _a2 ტომად. კომპაქტ-დისკით | ||
| 541 | _h40ლ. | ||
| 653 | _aმედიცინა | ||
| 653 | _a შინაგანი დაავადებები | ||
| 653 | _aგულ-სისხლძარღვთა სისტემის დაავადებები | ||
| 653 | _a სასუნთქი გზების დაავადებები | ||
| 653 | _aთირკმლის დაავადებები | ||
| 700 |
_aემუხვარი, ნოდარ _eრედაქტორი _93367 |
||
| 700 |
_a კასრაძე, დინარა _eრედაქტორი _96338 |
||
| 942 |
_cBK _2udc |
||